Statistics for All WWE Championship Scramble Match Participants

Click here to take the quiz!

General Stats

  • This quiz has been taken 301 times
  • The average score is 12 of 18

Answer Stats

No. of MatchesLast MatchWrestler% Correct
12008Triple H
90%
12008Jeff Hardy
81%
12008Matt Hardy
80%
12008Kane
79%
12008Batista
72%
22009Mark Henry
72%
12008Chris Jericho
69%
12008The Brian Kendrick
65%
12009Christian
64%
12008MVP
62%
12008The Miz
62%
12008Rey Mysterio
61%
22009Finlay
53%
12008Shelton Benjamin
53%
12008Chavo Guerrero
51%
12008John Bradshaw Layfield
51%
12009Jack Swagger
50%
12009Tommy Dreamer
45%

Score Distribution

Percentile by Number Answered

Percent of People with Each Score

Your Score History

You have not taken this quiz